Simulácia robotov v prostredí V-rep

Salvato in:
Dettagli Bibliografici
Autore principale: Adamiczky, Roland (Autore)
Altri autori: Duchoň, František (Relatore della tesi)
Natura: Manoscritto Libro
Lingua:slovacco
inglese
Pubblicazione: 2015
Soggetti:
Accesso online:http://is.stuba.sk/zp/portal_zp.pl?podrobnosti=88826
Tags: Aggiungi Tag
Nessun Tag, puoi essere il primo ad aggiungerne!!

MARC

LEADER 00000ntm a22000003a 4500
001 stuzp42742
003 SK-STU
005 20160719153018.3
007 ta
008 150427s2015----xo-----f-mn---000-0-slo-d
040 |a STU  |b slo 
041 0 |a eng 
100 1 |a Adamiczky, Roland  |u 031000  |4 aut  |U FEI Fakulta elektrotechniky a informatiky  |T FEI Ústav robotiky a kybernetiky  |X 8942  |U E011  |Y 356  |7 8942 
242 0 1 |a Simulácia robotov v prostredí V-rep  |y slo 
245 1 0 |a Simulácia robotov v prostredí V-rep 
260 |c 2015 
300 |a 61 s.  |b CD-ROM 
650 4 |a snímač  |2 slo 
650 4 |a v-rep  |2 slo 
650 4 |a mobilný robot  |2 slo 
650 4 |a v-rep  |2 eng 
650 4 |a mobile robots  |2 eng 
650 4 |a sensor  |2 eng 
700 1 |a Duchoň, František  |4 ths  |X 10329  |7 A000010329 
856 4 |u http://is.stuba.sk/zp/portal_zp.pl?podrobnosti=88826 
996 |b 284ER01645  |c E*Bc- 1645  |l EE31  |s P  |a 0  |w stuzp42742_0001 
SQL |a stuzp42742  |b DBP  |c ENG  |d Simulácia robotov v prostredí V-rep  |e 8942  |f Adamiczky, Roland  |g 031000  |h 10329  |i Duchoň, František  |j 20150707  |k 77  |l 03  |m http://is.stuba.sk/zp/portal_zp.pl?podrobnosti=88826  |n B-PI  |o 5.2.14. automatizácia, 9.2.9. aplikovaná informatika